[Event "TUR-chT"]
[Site "Konya"]
[Date "2019.07.25"]
[Round "10.1"]
[White "Eren, Ataberk"]
[Black "Dolgun, Can"]
[Result "1-0"]
[WhiteElo "2295"]
[BlackElo "2064"]
[PlyCount "167"]
[EventDate "2019.07.17"]
[EventType "team-tourn"]
[EventRounds "13"]
[EventCountry "TUR"]
[SourceTitle "CBM 191 Extra"]
[Source "ChessBase"]
[SourceDate "2019.09.30"]
[SourceVersion "1"]
[SourceVersionDate "2019.09.30"]
[SourceQuality "1"]
[WhiteTeam "Bursa Buyuksehir"]
[BlackTeam "Ordu Buyuksehir Belediye"]
[WhiteTeamCountry "TUR"]
[BlackTeamCountry "TUR"]

1. d4 d5 2. c4 e5 3. e3 exd4 4. exd4 dxc4 5. Bxc4 Nf6 6. Nf3 Bd6 7. 0-0 0-0 8. Nc3 h6 9. Qc2 Nc6 10. h3 Ne7 11. Re1 c6 12. Bd3 Ned5 13. a3 Be6 14. Bd2 Rc8 15. Na4 Rc7 16. Nc5 Bc8 17. Rad1 Re8 18. Rxe8+ Qxe8 19. Nh4 Nf4 20. Bxf4 Bxf4 21. Bc4 Nd5 22. Qb3 Re7 23. Nf3 Nb6 24. Bf1 Nd5 25. a4 Bc7 26. Kh1 Bb6 27. Qa3 a5 28. Qb3 Nb4 29. Qc3 Bc7 30. Bc4 Nd5 31. Qb3 Nb6 32. Bf1 Qd8 33. Qc3 Nd5 34. Qc2 Nb4 35. Qb3 Nd5 36. Bc4 Nb6 37. Bd3 Bb8 38. Bb1 Nd5 39. Qc2 g6 40. Ba2 Kg7 41. Bc4 Nb6 42. Bb3 Nd5 43. Bc4 Nb6 44. Bf1 Nd5 45. Qb3 Qb6 46. Qa2 Nb4 47. Qa3 Nd5 48. Nd3 Qd8 49. g3 Bd6 50. Qa1 Bf5 51. Nde5 Be4 52. Bg2 Bxf3 53. Nxf3 Re2 54. Rd2 Rxd2 55. Nxd2 Bb4 56. Nf3 Qe7 57. Qd1 Qe6 58. Kg1 Bd6 59. Qd3 Nb4 60. Qc3 Kg8 61. h4 Qf5 62. Ne5 Bxe5 63. dxe5 Nd3 64. f4 Qd7 65. Bf1 Nb4 66. h5 gxh5 67. Qe3 Nc2 68. Qf2 Nd4 69. Kh2 c5 70. Bg2 b6 71. b3 Nxb3 72. Qf3 c4 73. Qxh5 c3 74. Be4 Qe6 75. Bf5 Qc6 76. e6 fxe6 77. Qg6+ Kf8 78. Bxe6 Ke7 79. Qf7+ Kd8 80. Bxb3 Qc5 81. Be6 Qf2+ 82. Kh3 Qf1+ 83. Kh4 Qd3 84. Qf8+ 1-0

[Event "TUR-chT"]
[Site "Konya"]
[Date "2019.07.23"]
[Round "7.1"]
[White "Dolgun, Can"]
[Black "Ozen, Bahadir"]
[Result "0-1"]
[WhiteElo "2064"]
[BlackElo "2366"]
[PlyCount "90"]
[EventDate "2019.07.17"]
[EventType "team-tourn"]
[EventRounds "13"]
[EventCountry "TUR"]
[SourceTitle "CBM 191 Extra"]
[Source "ChessBase"]
[SourceDate "2019.09.30"]
[SourceVersion "1"]
[SourceVersionDate "2019.09.30"]
[SourceQuality "1"]
[WhiteTeam "Ordu Buyuksehir Belediye"]
[BlackTeam "Turk Hava Yollari"]
[WhiteTeamCountry "TUR"]
[BlackTeamCountry "TUR"]

1. e4 e5 2. Nf3 Nc6 3. Bc4 Bc5 4. Nc3 Nf6 5. d3 h6 6. Be3 Bxe3 7. fxe3 d6 8. Qe2 0-0 9. 0-0-0 Be6 10. h3 d5 11. exd5 Nxd5 12. Bxd5 Bxd5 13. d4 Bxf3 14. Qxf3 exd4 15. exd4 Nxd4 16. Qxb7 c5 17. Rhe1 Qg5+ 18. Kb1 Rab8 19. Qd5 Rxb2+ 20. Kxb2 Rb8+ 21. Ka3 Nxc2+ 22. Ka4 Qf6 23. Qd6 Qxd6 24. Rxd6 Nxe1 25. Rd7 Nxg2 26. Rxa7 Nf4 27. Rc7 Nxh3 28. Rxc5 g5 29. Nb5 Nf4 30. Nd6 Rd8 31. Nf5 Ne6 32. Rc2 h5 33. Rf2 h4 34. Kb4 Nf4 35. Kc4 Ra8 36. Kb5 Nd5 37. Kc4 Ra5 38. Nh6+ Kg7 39. Nxf7 g4 40. Nd6 g3 41. Re2 Nf4 42. Rb2 g2 43. Rb1 h3 44. Rb7+ Kg6 45. Rb8 h2 0-1

[Event "TUR-chT"]
[Site "Konya"]
[Date "2019.07.19"]
[Round "3.1"]
[White "Dolgun, Can"]
[Black "Lobanov, Sergei"]
[Result "0-1"]
[WhiteElo "2064"]
[BlackElo "2505"]
[PlyCount "86"]
[EventDate "2019.07.17"]
[EventType "team-tourn"]
[EventRounds "13"]
[EventCountry "TUR"]
[SourceTitle "CBM 191 Extra"]
[Source "ChessBase"]
[SourceDate "2019.09.30"]
[SourceVersion "1"]
[SourceVersionDate "2019.09.30"]
[SourceQuality "1"]
[WhiteTeam "Ordu Buyuksehir Belediye"]
[BlackTeam "Hatay Buyuksehir"]
[WhiteTeamCountry "TUR"]
[BlackTeamCountry "TUR"]

1. e4 e5 2. Nf3 Nc6 3. Bb5 a6 4. Ba4 d6 5. 0-0 Bd7 6. c3 Nge7 7. d4 Ng6 8. dxe5 Ncxe5 9. Nxe5 dxe5 10. Bxd7+ Qxd7 11. Qxd7+ Kxd7 12. Be3 Be7 13. Rd1+ Ke6 14. Nd2 Rhc8 15. a4 b6 16. Nb3 Nf8 17. Rd5 c6 18. Rd2 c5 19. c4 Nd7 20. Rad1 Ra7 21. Nc1 Nb8 22. Ne2 Nc6 23. Nc3 Nd4 24. Nd5 Rb7 25. Kf1 Bd6 26. Bxd4 cxd4 27. b3 b5 28. cxb5 axb5 29. a5 f5 30. f3 fxe4 31. fxe4 Rc5 32. Ra2 Rxd5 33. exd5+ Kxd5 34. a6 Ra7 35. Rc1 d3 36. Ra5 Kd4 37. Rc6 Rf7+ 38. Kg1 Bb8 39. Rxb5 d2 40. Rc4+ Ke3 41. Rd5 Ba7 42. h3 Bd4 43. Rc3+ Ke4+ 0-1

[Event "Veliko Gradiste Silver Lake op"]
[Site "Veliko Gradiste"]
[Date "2019.06.20"]
[Round "6"]
[White "Dolgun, Can"]
[Black "Stefanov, Emil"]
[Result "0-1"]
[WhiteElo "1931"]
[BlackElo "2387"]
[PlyCount "94"]
[EventDate "2019.06.16"]
[EventType "swiss"]
[EventRounds "9"]
[EventCountry "SRB"]
[SourceTitle "CBM 191 Extra"]
[Source "ChessBase"]
[SourceDate "2019.09.30"]
[SourceVersion "1"]
[SourceVersionDate "2019.09.30"]
[SourceQuality "1"]

1. e4 e6 2. d4 d5 3. Nc3 Nf6 4. e5 Nfd7 5. f4 c5 6. Nf3 Nc6 7. Be3 Be7 8. Qd2 0-0 9. 0-0-0 c4 10. f5 b5 11. f6 gxf6 12. Bh6 fxe5 13. dxe5 Kh8 14. Bxf8 Qxf8 15. Nxd5 exd5 16. Qxd5 Qh6+ 17. Kb1 Rb8 18. Qxf7 Nf8 19. Nd4 Be6 20. Nxe6 Nxe6 21. Be2 Nf4 22. Qf5 Nxe2 23. g3 Ned4 24. Qe4 Qg6 25. Rxd4 Nxd4 26. Qxd4 Rd8 27. Qxa7 Qe4 28. Rg1 Qxe5 29. Qb6 Qd4 30. Qxd4+ Rxd4 31. a3 Kg7 32. Rf1 Kg6 33. Re1 Bf6 34. Rf1 Rd2 35. Rh1 Rg2 36. Kc1 Bg5+ 37. Kb1 Be3 38. b3 cxb3 39. cxb3 Kh5 40. Rd1 Rg1 41. Kc2 Rxd1 42. Kxd1 Kg4 43. a4 b4 44. Ke2 Bg1 45. Kd3 Bxh2 46. Kc4 Bxg3 47. Kxb4 h5 0-1

[Event "Veliko Gradiste Silver Lake op"]
[Site "Veliko Gradiste"]
[Date "2019.06.19"]
[Round "5"]
[White "Yordanov, Lachezar"]
[Black "Dolgun, Can"]
[Result "0-1"]
[WhiteElo "2302"]
[BlackElo "1931"]
[PlyCount "114"]
[EventDate "2019.06.16"]
[EventType "swiss"]
[EventRounds "9"]
[EventCountry "SRB"]
[SourceTitle "CBM 191 Extra"]
[Source "ChessBase"]
[SourceDate "2019.09.30"]
[SourceVersion "1"]
[SourceVersionDate "2019.09.30"]
[SourceQuality "1"]

1. c4 Nf6 2. Nc3 g6 3. d4 Bg7 4. e4 d6 5. Be2 0-0 6. Be3 e5 7. d5 a5 8. g4 Na6 9. h4 Nc5 10. f3 h5 11. g5 Nh7 12. Qd2 f6 13. gxf6 Bxf6 14. Bf2 Bd7 15. 0-0-0 a4 16. Kb1 Rf7 17. Qe1 Bg7 18. Be3 Rf4 19. Qg3 Nf8 20. Nh3 Bxh3 21. Rxh3 Bf6 22. Rdh1 c6 23. Rd1 a3 24. Bxc5 dxc5 25. b3 Qa5 26. Kc2 Rd8 27. Rhh1 Kh7 28. Qf2 Nd7 29. dxc6 bxc6 30. Na4 Be7 31. Rd3 Nf8 32. Rxd8 Bxd8 33. Qxc5 Ne6 34. Qxa5 Bxa5 35. Kd3 Bd8 36. b4 Rxh4 37. Rxh4 Bxh4 38. b5 cxb5 39. cxb5 Bf2 40. b6 Nf4+ 41. Kd2 h4 42. b7 Ba7 43. Bf1 h3 44. Bxh3 Nxh3 45. Nc5 Ng1 46. Nd7 Nxf3+ 47. Kd3 Kh6 48. b8Q Bxb8 49. Nxb8 Kg5 50. Ke3 Nd4 51. Nd7 Nc6 52. Kf3 Kh4 53. Nb6 Kh3 54. Nc4 g5 55. Kf2 g4 56. Kg1 g3 57. Nxa3 Nd4 0-1

[Event "Veliko Gradiste Silver Lake op"]
[Site "Veliko Gradiste"]
[Date "2019.06.16"]
[Round "1"]
[White "Krasteva, Beloslava"]
[Black "Dolgun, Can"]
[Result "1/2-1/2"]
[WhiteElo "2259"]
[BlackElo "1931"]
[PlyCount "97"]
[EventDate "2019.06.16"]
[EventType "swiss"]
[EventRounds "9"]
[EventCountry "SRB"]
[SourceTitle "CBM 191 Extra"]
[Source "ChessBase"]
[SourceDate "2019.09.30"]
[SourceVersion "1"]
[SourceVersionDate "2019.09.30"]
[SourceQuality "1"]

1. d4 Nf6 2. c4 g6 3. Nc3 Bg7 4. e4 d6 5. h3 0-0 6. Be3 e5 7. d5 Na6 8. g4 Ne8 9. Nf3 f5 10. gxf5 gxf5 11. Bg5 Bf6 12. Rg1 Kh8 13. exf5 Bxf5 14. Bd3 e4 15. Nxe4 Qe7 16. Qe2 Bxe4 17. Bxe4 Nc5 18. Bxf6+ Nxf6 19. Bc2 Qxe2+ 20. Kxe2 Nxd5 21. cxd5 Rae8+ 22. Kf1 Rxf3 23. Rg3 Ref8 24. Rxf3 Rxf3 25. Re1 Rf7 26. Re3 a5 27. Ke2 Kg7 28. Rg3+ Kf8 29. Rc3 Re7+ 30. Kf1 h6 31. f4 Kg7 32. Kf2 Kf6 33. a3 b6 34. Rc4 Re8 35. b4 axb4 36. axb4 b5 37. Rd4 Na4 38. Rd2 Nc3 39. Kf3 Na2 40. Bd3 Nxb4 41. Bxb5 Ra8 42. Ke4 Ra3 43. Rb2 Na6 44. Bxa6 Rxa6 45. Rc2 Ra4+ 46. Ke3 Ra3+ 47. Ke4 Ra4+ 48. Ke3 Ra3+ 49. Ke4 1/2-1/2